LEADER 00782naa a2200217 u 4500 001 000000093140 003 CaOOAMICUS 005 20070226130132.0 008 010621s1928 fr u000 u fre u 035 $a10893429 040 $aPUL(R)$bita 100 1 $aNiboyet, J. P.$0(OLS)http://pul/name/29425 245 13$aLa théorie de l'autonomie de la volontè /$cpar J.-P. Niboyet. 260 $a[S. l. :$bs. n.],$c1928. 300 $aP. [1-116] 504 $aBibliografia in nota. 650 4$aDiritto internazionale.$0(OLS)http://pul/subject/2505 773 0 $tRecueil des cours$gv.I (1927) 773 0 $tRecueil des cours 1927$w()59471 996 $6245$aLa théorie de l'autonomie de la volontè$9(OLS)http://pul/title/120017 996 $6260$a[S. l. :$bs. n.]$9(OLS)http://pul/publisher/47882 LEADER 00910naa a2200193 u 4500 001 000000095104 003 CaOOAMICUS 005 20070226130141.0 008 040527s1966 gw u000 u ger u 035 $a10997125 040 $aIAR$bita 100 1 $aKoller, Heinrich,$d1924-$0(OLS)http://pul/name/20110 245 10$aBayerisch-fränkische Kolonisation in Pannonien im 8. Jahrhundert /$cHeinrich Koller. 260 $aWiesbaden :$bHarrassowitz,$c1966. 300 $av.2, S. 51-61, ;$c24 cm 773 0 $aDas östliche Mitteleuropa in Geschichte und Gegenwart. 773 0 $aCongresso internazionale di storia slava.$tActa congressus historiae Slavicae Salisburgensis in memoriam ss. Cyrilli et Methodii anno 1963 celebrati$w()12921 996 $6245$aBayerisch-fränkische Kolonisation in Pannonien im 8. Jahrhundert$9(OLS)http://pul/title/121983 996 $6260$aWiesbaden :$bHarrassowitz$9(OLS)http://pul/publisher/53801